Recursos naturales: planeación integral

Gardado en:
Detalles Bibliográficos
Main Authors: Medina Torres, Jorge Galo (autor), Natividad Beltrán, Luis A (Author)
Formato: Libro
Idioma:Lingua castelá
Publicado: Ciudad de México Trillas 1998
Subjects:
Tags: Engadir etiqueta
Sen Etiquetas, Sexa o primeiro en etiquetar este rexistro!

MARC

LEADER 00000nam a2200000 a 4500
001 UCO4423
003 CL-VaPUC
008 000804e19980000MX |||||||||||||||||spa|d
082 0 4 |a 333.72  |b MED  |2 21 
100 |a Medina Torres, Jorge Galo  |e autor  |9 448929 
700 0 |a Natividad Beltrán, Luis A  |e author  |9 448930 
245 1 0 |a Recursos naturales: planeación integral 
300 |a 220 p 
942 |c BK 
945 |d 20000804 00:00:00  |a vberengu 
260 |a Ciudad de México  |b Trillas  |c 1998 
500 |a ALGUNOS EJEMPLARES EN INST.DE GEOGRAFIA POR PROY.MINEDUC 
650 0 |a Agricultura  |9 255598 
650 0 |a Aspectos económicos  |9 255165 
650 0 |a Medio ambiente  |9 257625 
650 0 |a Recursos naturales  |9 255232 
650 0 |a Transferencia de tecnología  |9 259659 
650 0 |a Zonas rurales  |9 317366 
583 |a last modification  |c 20000804 00:00:00  |k Rodrigo Vera 
999 |c 290466  |d 290464 
952 |0 0  |1 0  |4 0  |6 333_720000000000000_MED_1998  |7 0  |8 A  |9 339910  |a BIBING  |b BIBING  |d 2019-11-20  |i 3796884  |o 333.72 MED 1998  |p 3796884  |r 2025-01-20  |w 2019-11-20  |y BK  |k GEO